| 000 | 00354nam a2200133Ia 4500 | ||
|---|---|---|---|
| 008 | 150202s9999 xx 000 0 und d | ||
| 020 | _a4551669498 | ||
| 050 |
_aFIC _bFIC |
||
| 100 | _aHolm, Stef Ann. | ||
| 245 |
_aGirls night / _cStef Anne Holm. |
||
| 260 |
_aNew Zealand : _bMira Books, _c2002. |
||
| 300 |
_a373 pages : _c18 cm. |
||
| 650 | _aFiction. | ||
| 999 |
_c282097 _d282097 |
||